00442nam a22001457a 4500003000500000038001800005082000800023100001600031245006800047264003500115300002400150650003300174700003200207856005700239NUST aNusrat Nadeem a200 aRubab, Sara aBrain Tumor Detection Using Deep Neural Networks/cSara Rubab,  aIslamabad;bSEECS NUST;c2024. a52,p;bill;c30,cm. aMS- Electrical Engineering " aSupervisor: Dr Ahmad Salman uhttp://10.250.8.41:8080/xmlui/handle/123456789/45064